| 000 | 00598nam a2200205 a 4500 | ||
|---|---|---|---|
| 005 | 20220602063703.0 | ||
| 008 | 991125s2002 es 000 0 spa u | ||
| 020 | _a8495501023 | ||
| 035 | _aUPN01000132991 | ||
| 049 | _aCG | ||
| 050 | 4 |
_aPQ8498.32 A6.5 _bP3a |
|
| 100 | 1 |
_aVargas Llosa, Mario, _d1936- _929481 |
|
| 245 | 1 | 0 |
_aPantaleón y las visitadoras / _cMario Vargas Llosa. |
| 260 |
_aMadrid : _bSuma de Letras, _c2002. |
||
| 300 | _a391 p. | ||
| 440 | 0 |
_aPunto de lectura ; _v3.1 |
|
| 650 | 7 |
_aNovela peruana _2 _910208 |
|
| 650 | 4 |
_aLITERATURA PERUANA - _ySIGLO XX _99777 |
|
| 905 | _aLibro | ||
| 999 |
_c105144 _d105144 |
||